03782nab a2200313 i 4500003000900000005001700009008004100026040001800067072001400085100003200099100003100131100002700162100003800189100003400227100002700261100004000288100002700328245014000355500006700495520133700562520120101899650001103100650001603111650002503127650001903152650003703171773018103208856007903389BR-BrBNA20260409160820.0260409b2019 bl.qr|pooa||| 00| 0 por | aBR-BrBNAbpor aP34b1850 aMendonça, Johny de Jesus  aOliveira, Pedro Rabelo de  aSantos, Jessica Silva  aSantos, Jacilene Francisca Souza  aMenezes, Geovania dos Santos  aCosta, France Mário  aBarbosa, Andréa Verônica Gobbi  aMarino, Regina Helena  aCrescimento e colonização micorrízica do tomateiro IPA06 inoculado com fungos micorrízicos arbusculares em substrato orgânico a Publicação online; 29 ref.; 6 illus.; Summaries (En, Pt) a RESUMO: O tomateiro IPA06 é uma variedade que apresenta frutos resistentes ao transporte e adaptada ao cultivo rústico, cuja interação com fungos micorrízicos arbusculares (FMA) ainda não foi encontrada na literatura. O objetivo deste trabalho foi avaliar o crescimento e a colonização do tomateiro IPA06 cultivado com FMA em substrato orgânico. O delineamento experimental utilizado foi inteiramente casualizado composto pelo cultivo do tomateiro IPA06 em cinco tratamentos (controle – sem inóculo fúngico e quatro inoculantes de fungos micorrízicos: UFLA05 - Gigaspora albida, UFLA351 - Rhizoglomus clarum, UFLA372 - Claroideoglomus etunicatum e UFLA401 - Acaulospora morrowiae), em substrato orgânico, com 10 repetições. Os FMAs inoculados influenciam apenas no período de germinação das sementes do tomateiro. O emprego de substrato orgânico não inibe a colonização do tomateiro por FMAs. A colonização micorrízica do tomateiro IPA06 não garante incremento na biomassa vegetal, mas favorece a precocidade no florescimento, sendo responsivo aos isolados UFLA351 e UFLA401 que podem ser utilizados como inoculantes para cultivo orgânico. Palavras-chave: nutrição vegetal; simbiose; Solanum lycopersicum a ABSTRACT: Tomato IPA06 is a variety that presents fruits resistant to transport and adapted to the rustic cultivation, whose interaction with arbuscular mycorrhizal fungi (AMF) has not yet been found in the literature. The objective of this work was to evaluate the growth and colonization of the IPA06 tomato cultivated with AMF in organic substrates. The experimental design was completely randomized by the cultivation of the IPA06 tomato in five treatments (control - without fungal inoculum and four mycorrhizal fungi inoculants: UFLA05 - Gigaspora albida, UFLA351 - Rhizoglomus clarum, UFLA372 - Claroideoglomus etunicatum and UFLA401 - Acaulospora morrowiae), in organic substrate, with 10 replicates. The AMFs inoculated influenced in the germination period. The use of organic substrate does not inhibit tomato colonization by AMFs. The mycorrhizal colonization of the IPA06 tomato does not guarantee an increase in the vegetal biomass, but it favors the precocity in the flowering, being responsive to the isolates UFLA351 and UFLA401 that can be used as inoculants for organic cultivation. Key words: plant nutrition; symbiosis; Solanum lycopersicum aTOMATE aCRESCIMENTO aNUTRIÇÃO VEGETAL aINOCULAÇÃO aMICORRIZA VESICULAR ARBUSCULAR0 04656dRecife-PE Universidade Federal Rural de Pernambuco 2006o2026-1518tRevista Brasileira de Ciências Agrárias (Brazil)x1981-1160gv. 14(3) p. 1-9; (2019)wBR2026000098 uhttp://www.agraria.pro.br/ojs32/index.php/RBCA/article/view/v14i3a6559/196